[Event "Pan American Intercollegiate-chT"]
[Site "Chess.com INT"]
[Date "2021.01.04"]
[Round "3"]
[White "Akintonde, Jimi"]
[Black "Kim, Yoon Young"]
[Result "0-1"]
[WhiteElo "1784"]
[BlackElo "2321"]
[PlyCount "74"]
[EventDate "2021.01.04"]
[EventType "team-swiss (rapid)"]
[EventRounds "9"]
[EventCountry "USA"]
[SourceTitle "CBM 200 Extra"]
[Source "ChessBase"]
[SourceDate "2021.03.31"]
[SourceVersion "1"]
[SourceVersionDate "2021.03.31"]
[SourceQuality "1"]
[WhiteTeam "Illinois Tech"]
[BlackTeam "Yale"]
[WhiteTeamCountry "USA"]
[BlackTeamCountry "USA"]

1. e4 e5 2. Nf3 Nc6 3. Bb5 a6 4. Ba4 Nf6 5. 0-0 Be7 6. Re1 b5 7. Bb3 d6 8. c3 0-0 9. h3 Nb8 10. d4 Nbd7 11. a4 Bb7 12. Nbd2 g6 13. Bc2 Re8 14. b4 Bf8 15. Bb2 Bg7 16. Bd3 c6 17. c4 exd4 18. axb5 c5 19. Qc2 Nh5 20. Nb3 axb5 21. cxb5 Rc8 22. Na5 Ba8 23. Qb3 Nf4 24. Bc4 Qf6 25. Nc6 Nb6 26. e5 dxe5 27. Nfxe5 Nxc4 28. Qxc4 Bxc6 29. Nxc6 Qg5 30. g3 Nxh3+ 31. Kg2 Nf4+ 32. Kf3 Qh5+ 33. g4 Qh3+ 34. Kxf4 g5+ 35. Kf5 Qf3+ 36. Kxg5 Qf6+ 37. Kh5 Qh6# 0-1